00430nam a2200145Ia 450000500170000000800410001702000150005808200190007310000120009224500970010426000380020130000130023965000100025265000220026220250508064329.0240331s9999 xx 000 0 und d a9559429639 bHAQa89426915 aHaq,L.A 0aWomen characters in Se. Ganesalingan's recent novels- a feminine approach cS. Ganeshalingan aChennaibKumaran Publishersc2005 a105 p ., aWoman afeminine approach